Sikap berpolitik di kalangan masyarakat luar bandar : satu kajian kes di Kampung Pengkalan Arang, Kuala Nerus, Kuala Terengganu, Terengganu

Bibliographic Details
Main Author: Che Wan Takwa Che Wan Abu Bakar (Author)
Format: Thesis Book
Published: 1982
Subjects:

MARC

LEADER 00000cam a2200000 7i4500
001 0000002806
005 20210103093000.0
008 021118n
090 0 0 |a HT471   |b .T3 
100 0 |a Che Wan Takwa Che Wan Abu Bakar ,   |e author 
245 1 0 |a Sikap berpolitik di kalangan masyarakat luar bandar :   |b satu kajian kes di Kampung Pengkalan Arang, Kuala Nerus, Kuala Terengganu, Terengganu 
260 2 |c 1982 
300 |a 192 p. ;   |c 27 cm. 
502 |a Latihan ilmiah (Sarjana Muda Sastera)--Universiti Malaya, 1982 
504 |a Includes bibliographical references 
650 0 |a Malays (Asian people)   |z Terengganu   |x Politics and government 
650 0 |a Political participation   |z Terengganu 
651 0 |a Terengganu   |x Politics and government 
999 |a 1000042271   |b Project Report   |c Reference   |e Gong Badak Campus